Music Quiz

Random Music or Actress Quiz

Actresses in Song Lyrics Quiz Stats

Quiz Updated Oct 12, 2015

Challenge
Share
Tweet
Embed
Score 0/12 Timer 04:00
7 Plays Today
% Correct
Bette Davis
81.2%
Sandra Dee
80.4%
Marilyn Monroe
76.2%
Doris Day
74.8%
Michelle Pfeiffer
70%
Lindsay Lohan
66.8%
Rita Hayworth
65.2%
Uma Thurman
63.5%
Mary Tyler Moore
62.9%
Halle Berry
59.3%
Fay Wray
57.7%
Lucy Liu
53.5%

You're not logged in!

Compare scores with friends on all Sporcle quizzes.
Sign Up with Email
OR
Log In

You Might Also Like...

Show Comments

Extras

Top Quizzes Today


Score Distribution

Your Account Isn't Verified!

In order to create a playlist on Sporcle, you need to verify the email address you used during registration. Go to your Sporcle Settings to finish the process.